<?xml version="1.0" encoding="UTF-8"?>
<record
    xmlns:xsi="http://www.w3.org/2001/XMLSchema-instance"
    xsi:schemaLocation="http://www.loc.gov/MARC21/slim http://www.loc.gov/standards/marcxml/schema/MARC21slim.xsd"
    xmlns="http://www.loc.gov/MARC21/slim">

  <leader>01494nam a22003017a 4500</leader>
  <controlfield tag="001">BRCA_9312</controlfield>
  <controlfield tag="003">FranzMayer</controlfield>
  <controlfield tag="005">20230918115300.0</controlfield>
  <controlfield tag="008">230816b        |||||||| |||| 00| 0 eng d</controlfield>
  <datafield tag="020" ind1=" " ind2=" ">
    <subfield code="a">8870383881</subfield>
  </datafield>
  <datafield tag="040" ind1=" " ind2=" ">
    <subfield code="a">MFM</subfield>
    <subfield code="b">esp</subfield>
    <subfield code="c">MFM</subfield>
  </datafield>
  <datafield tag="050" ind1=" " ind2="0">
    <subfield code="a">NK4315.I8</subfield>
    <subfield code="b">C46 2002</subfield>
  </datafield>
  <datafield tag="110" ind1=" " ind2=" ">
    <subfield code="4">Responsable</subfield>
    <subfield code="a">Centro Di</subfield>
    <subfield code="9">29023</subfield>
  </datafield>
  <datafield tag="240" ind1=" " ind2=" ">
    <subfield code="a">Siglos de oro de la may&#xF3;lica</subfield>
    <subfield code="h">Obras de arte de la Galer&#xED;a Nacional de arte antiguo de Roma</subfield>
    <subfield code="l">ita/esp</subfield>
  </datafield>
  <datafield tag="245" ind1="1" ind2=" ">
    <subfield code="a">Siglos de oro de la may&#xF3;lica</subfield>
    <subfield code="b">Obras de arte de la Galer&#xED;a Nacional de arte antiguo de Roma</subfield>
  </datafield>
  <datafield tag="260" ind1=" " ind2=" ">
    <subfield code="a">Roma, Italia</subfield>
    <subfield code="b">Centro Di</subfield>
    <subfield code="c">2002</subfield>
  </datafield>
  <datafield tag="300" ind1=" " ind2=" ">
    <subfield code="a">83 p.</subfield>
    <subfield code="b">Ilustraciones a color</subfield>
    <subfield code="c">20 cm.</subfield>
  </datafield>
  <datafield tag="500" ind1=" " ind2=" ">
    <subfield code="a">Anexo 1</subfield>
  </datafield>
  <datafield tag="505" ind1=" " ind2=" ">
    <subfield code="a">Texto en: Italiano y espa&#xF1;olIncluye &#xED;ndice tem&#xE1;ticoIncluye prefacioDirigido a: historiadores, artistas, muse&#xF3;grafos u otra persona interesada en la historia del arte</subfield>
  </datafield>
  <datafield tag="630" ind1=" " ind2=" ">
    <subfield code="l">Italiano</subfield>
    <subfield code="t">I secoli d'oo della maiolica. Capolavori dalla galleria Nazionale d'arte antica di Roma</subfield>
    <subfield code="9">29024</subfield>
  </datafield>
  <datafield tag="650" ind1="1" ind2=" ">
    <subfield code="2">Artes decorativas</subfield>
    <subfield code="a">Artes aplicativas</subfield>
    <subfield code="v">Decoraci&#xF3;n y ornamentaci&#xF3;n </subfield>
    <subfield code="9">29025</subfield>
  </datafield>
  <datafield tag="651" ind1="2" ind2=" ">
    <subfield code="2">Otras artes y artes industriales</subfield>
    <subfield code="a">May&#xF3;lica</subfield>
    <subfield code="v">May&#xF3;lica en el Italia antiguo </subfield>
    <subfield code="9">29026</subfield>
  </datafield>
  <datafield tag="710" ind1=" " ind2=" ">
    <subfield code="4">Col.</subfield>
    <subfield code="a">Ministero degli Affari Esteri</subfield>
    <subfield code="9">29027</subfield>
  </datafield>
  <datafield tag="710" ind1=" " ind2=" ">
    <subfield code="4">Col.</subfield>
    <subfield code="a">Ministero peri Beni e le Attivita Culturali</subfield>
    <subfield code="9">29028</subfield>
  </datafield>
  <datafield tag="710" ind1=" " ind2=" ">
    <subfield code="4">Col.</subfield>
    <subfield code="a">Soprintendenza speciale per il Polo Museale romano</subfield>
    <subfield code="9">29029</subfield>
  </datafield>
  <datafield tag="710" ind1=" " ind2=" ">
    <subfield code="4">Col.</subfield>
    <subfield code="a">Galler&#xED;a Nazionale d'arte antica di Palazzo Barberini</subfield>
    <subfield code="9">29030</subfield>
  </datafield>
  <datafield tag="942" ind1=" " ind2=" ">
    <subfield code="2">lcc</subfield>
    <subfield code="c">B</subfield>
  </datafield>
  <datafield tag="999" ind1=" " ind2=" ">
    <subfield code="c">10934</subfield>
    <subfield code="d">10934</subfield>
  </datafield>
  <datafield tag="952" ind1=" " ind2=" ">
    <subfield code="0">0</subfield>
    <subfield code="1">0</subfield>
    <subfield code="2">lcc</subfield>
    <subfield code="4">0</subfield>
    <subfield code="7">0</subfield>
    <subfield code="8">FCON</subfield>
    <subfield code="a">BRCA</subfield>
    <subfield code="b">BRCA</subfield>
    <subfield code="d">2023-08-16</subfield>
    <subfield code="e">Donaci&#xF3;n</subfield>
    <subfield code="l">0</subfield>
    <subfield code="o">NK4315.I8 C46 2002</subfield>
    <subfield code="p">CONT10067</subfield>
    <subfield code="r">2023-08-16 00:00:00</subfield>
    <subfield code="w">2023-08-16</subfield>
    <subfield code="y">B</subfield>
  </datafield>
</record>
